000 00659nam a2200193 4500
001 140041
003 ES-MaACL
005 20230906200001.0
007 t|
008 070214s1973 sp r ||||1| spa d
100 1 _aSchreiber, Hermann.
_9104695
245 1 4 _aLos diez mandamientos /
_cHermann Schreiber ; epílogo de Fritz Bauer ; versión de Margarita García Roig, Manuel Luis Pardo.
260 _aBarcelona :
_bLuis de Caralt,
_c1973.
300 _a364 p., 14 lám. :
_bil. ;
_c22 cm.
700 1 _aBauer, Fritz.
_926547
700 1 _aPardo, Manuel Luis.
_988979
700 1 _aGarcía Roig, Margarita.
_955207
852 _aES-MaACL
_jC-55960
_bR.88696
999 _c140041
_d140041